000 00394nam a22001697a 4500
003 MPLRDC
005 20220104142718.0
008 210129b ||||| |||| 00| 0 eng d
082 _a868.71 ZYJ c.2
100 _a张英杰
245 _a蹑云楼诗稿
_c
250 _a初版
260 _a
_b吡叻洞出版
_c1993
300 _b
650 _a马华文学
942 _cBK
_o868.71 ZYJ c.2
999 _c33094
_d33084